| 000 | 00636nam a2200229Ia 4500 | ||
|---|---|---|---|
| 001 | 18462 | ||
| 003 | GE_BSU | ||
| 008 | 181216s||||||||xx |||||||||||||| ||und|| | ||
| 020 | _a9780123785961 | ||
| 040 | _cGE_BSU | ||
| 080 | _a61 | ||
| 245 | _aOnline Counseling: A handbook for Mental Health Professional | ||
| 245 | _cEdited by Kraus,ron., Stricker, George., Speyer, Cedric | ||
| 250 | _aSecond edition | ||
| 260 | _aAmsterdam | ||
| 260 | _bElsevier | ||
| 260 | _c2011 | ||
| 300 | _a290 p. 24cm. | ||
| 653 | _aOnline Counseling: A handbook for Mental Health Professional | ||
| 653 | _aმედიცინა | ||
| 942 | _cBK | ||
| 999 |
_c51476 _d51476 |
||